Berlin ghetto : Herbert Baum and the anti-fascist resistance /

Berlin Ghetto tells the story of a group of young people who had lives filled with intellectual exploration, intense friendships and romances and dangerous, illegal political action against the Nazi regime. The roots of anti-fascism in the Communist, Socialist and Jewish youth movements of pre-Nazi...

Full description

Bibliographic Details
Main Author: Brothers, Eric
Format: Book
Language:English
Published: Stroud, England : Spellmount, 2012.
Subjects:

MARC

Tag First Indicator Second Indicator Subfields
LEADER 00000cam a2200000Ia 4500
001 in00002783324
005 20150922144734.0
008 120829s2012 enkacf 001 0 eng
020 |a 9780752476865 (hbk) 
020 |a 0752476866 (hbk) 
035 |a (OCoLC)ocn808516444 
040 |a AU@  |c AU@  |d YDX  |d BWX  |d YNK  |d STF  |d MUU  |d OUN  |d UtOrBLW 
049 |a TXAM 
082 0 |a 940.531853155  |2 23 
090 |a D810.J4  |b B755 2012 
100 1 |a Brothers, Eric. 
245 1 0 |a Berlin ghetto :  |b Herbert Baum and the anti-fascist resistance /  |c Eric Brothers. 
264 1 |a Stroud, England :  |b Spellmount,  |c 2012. 
300 |a 224 pages, 16 unnumbered pages of plates :  |b illustrations, portraits ;  |c 24 cm. 
336 |a text  |b txt  |2 rdacontent 
337 |a unmediated  |b n  |2 rdamedia 
338 |a volume  |b nc  |2 rdacarrier 
504 |a Includes bibliograpical references and index. 
505 0 |a The seeds of Jewish anti-fascism (1925-1932) -- THe search for a German-Jewish identity in the youth movement -- The 'Red assimilation' -- Stalinism in the communist party of Germany -- Descent into darkness (1933) -- Persecution, setbacks and the beginning of resistance (1933) -- Acts of rebellion (1934) -- Arrests and persecution (1935) -- The Brussels conference and the 'Trojan Horse' policy (1935-1936) -- Political and intellectual resistance (1936) -- Communism as a cure for Nazism (1937) -- Resistance in isolation and Kristallnacht (1938) -- Renewed activity, attempts to flee and the Nazi-Soviet treaties (1939) -- War, forced labour and resistance (1939-1940) -- Anti-fascism takes centre stage and trouble-brewing (1941) -- Living on the edge and 'Soviet Paradise' (1942) -- Arson, arrests and reprisals (1942) -- Interrogations, executions and survival (1942-1944). 
520 |a Berlin Ghetto tells the story of a group of young people who had lives filled with intellectual exploration, intense friendships and romances and dangerous, illegal political action against the Nazi regime. The roots of anti-fascism in the Communist, Socialist and Jewish youth movements of pre-Nazi working class Berlin are examined. The story of Herbert Baum and anti-fascism in the heart of Hitler's Reich is told through oral and written testimony of survivors, friends and relatives of group members, Nazi trial records and other primary documents of the period. In May of 1942, Baum and several others went into the massive anti-Soviet and anti-Semitic Nazi propaganda exhibition Das Sowjet-Paradies (Soviet Paradise) and set off several small explosive devices. A comrade of Baum's was interrogated by the Gestapo and under torture gave them a list of people associated with the Baum group. One by one, those on the list were arrested, put on trial and executed. Others were sent to concentration or death camps, whilst a few managed to survive underground. Berlin Ghetto is a testament to courage and youthful sacrifice, to Jewish (and non-Jewish) anti-fascist resistance in Nazi Germany. 
600 1 0 |a Baum, Herbert,  |d 1912-1942. 
650 0 |a Anti-fascist movements  |z Germany  |z Berlin. 
650 0 |a World War, 1939-1945  |x Jewish resistance  |z Germany  |z Berlin. 
945 |a PromptCat  |b 99174 
946 |a stk 
947 |a A14836006073 
948 |a cataloged  |b h  |c 2012/12/5  |d c  |e dmitchel  |f 8:44:18 am 
994 |a 92  |b TXA 
999 |a MARS 
999 f f |s 5a639355-e4f7-3e00-b99b-54d6f18a9fef  |i c65d53ee-8f21-3085-9949-a4fc8cc38819  |t 0 
952 f f |p ric  |a Texas A&M University  |b Rellis Campus  |c Joint Library Facility  |d Remote Storage  |t 0  |e D810.J4 B755 2012  |h Library of Congress classification  |i unmediated -- volume  |m A14836006073 
998 f f |a D810.J4 B755 2012  |t 0  |l Remote Storage